[Event "IRI-chT 20th"]
[Site "Tehran"]
[Date "2024.04.13"]
[Round "4.7"]
[White "Mozafar, Milad"]
[Black "Ahmadi, Erfan"]
[Result "0-1"]
[WhiteElo "2044"]
[BlackElo "2040"]
[PlyCount "90"]
[EventDate "2024.04.11"]
[EventType "team-swiss"]
[EventRounds "9"]
[EventCountry "IRI"]
[SourceTitle "EXT 2025"]
[Source "ChessBase"]
[SourceDate "2024.10.14"]
[SourceVersion "1"]
[SourceVersionDate "2024.10.14"]
[SourceQuality "1"]
[WhiteTeam "Pishgam Novin Raymand"]
[BlackTeam "Nokhbegan"]
[WhiteTeamCountry "IRI"]
[BlackTeamCountry "IRI"]

1. e4 c5 2. Nf3 e6 3. c3 d5 4. exd5 Qxd5 5. d4 Nf6 6. Be2 Be7 7. 0-0 0-0 8. Ne5 cxd4 9. cxd4 Qd8 10. Nc3 Nc6 11. Be3 Bd6 12. f4 Ne7 13. Bf3 Bc7 14. Rc1 Bb6 15. Ne2 Nfd5 16. Bf2 Bd7 17. Be4 Be8 18. Qd3 f5 19. Bf3 a6 20. g3 Bb5 21. Qb3 Nc6 22. Nxc6 Bxc6 23. Rfe1 Kh8 24. Bg2 Ba5 25. Nc3 Qd7 26. Re5 Bc7 27. Re2 Bxf4 28. gxf4 Nxf4 29. Bxc6 Qxc6 30. d5 Nxe2+ 31. Nxe2 Qxd5 32. Qxd5 exd5 33. Rc7 Kg8 34. Rxb7 Rab8 35. Ra7 Ra8 36. Rd7 Rfd8 37. Rc7 Rac8 38. Ra7 Rd6 39. Bd4 Rg6+ 40. Kf2 Rc2 41. Ke3 Re6+ 42. Kd3 Rexe2 43. Rxg7+ Kf8 44. Rxh7 Red2+ 45. Ke3 f4+ 0-1